Statistics for Important Figures in Politics: 2020-2021

Click here to take the quiz!

General Stats

  • This quiz has been taken 15 times
  • The average score is 29 of 45

Answer Stats

HintAnswer% Correct
Current PresidentJoe Biden
100%
Former PresidentDonald Trump
100%
2012 Republican Presidential NomineeMitt Romney
100%
Speaker of the HouseNancy Pelosi
100%
Vice PresidentKamala Harris
100%
Freshman Congresswoman from New YorkAlexandria Ocasio-Cortez
92%
Senate Majority LeaderChuck Schumer
92%
Governor of New YorkAndrew Cuomo
92%
Senate Minority LeaderMitch McConnell
92%
Former Vice PresidentMike Pence
85%
Chairman of the Budget CommiteeBernie Sanders
85%
Objected to Arizona Election ResultsTed Cruz
85%
Allergy and Infectious Disease DirectorAnthony Fauci
77%
Transportation SecretaryPete Buttigieg
77%
Personal Attorney to the PresidentRudy Giuliani
77%
Deceased Supreme Court JusticeRuth Bader Ginsburg
77%
Senator from MaineSusan Collins
69%
First Black Senator from GeorgiaRaphael Warnock
69%
Presidential Candidate from MassachusettsElizabeth Warren
69%
Supreme Court NomineeAmy Coney Barrett
62%
Governor of South DakotaKristi Noem
62%
House Minority LeaderKevin McCarthy
62%
Governor of GeorgiaBrian Kemp
62%
Governor of MichiganGretchen Whitmer
62%
Chief Justice of the Supreme CourtJohn Roberts
62%
Governor of CaliforniaGavin Newsom
54%
Governor of FloridaRon De Santis
54%
Presidential Candidate from MinnesotaAmy Klobuchar
54%
Senator from North CarolinaThom Tillis
54%
Former Chairman of the Senate JudiciaryLindsey Graham
54%
Objected to Pennsylvania Election ResultsJosh Hawley
54%
Senate Candidate from North CarolinaCal Cunningham
46%
President Pro-TemporePatrick Leahy
46%
House Majority LeaderSteny Hoyer
46%
Governor of ArizonaDoug Ducey
46%
Governor of New HampshireChris Sununu
46%
2018 Georgia Gubernatorial CandidateStacy Abrams
46%
Senior Associate JusticeStephen Breyer
38%
Governor of MassachusettsCharlie Baker
38%
Governor of VermontPhil Scott
38%
Presidential Candidate from New YorkMichael Bloomberg
31%
Secretary of State of GeorgiaBrad Raffensperger
31%
Perennial Candidate Offering Free PoniesVermin Supreme
31%
Senate Candidate from MaineSara Gideon
23%
Representative who Incited the Capitol RiotMo Brooks
15%

Score Distribution

Percentile by Number Answered

Percent of People with Each Score

Your Score History

You have not taken this quiz